000 01087 a2200289 4500
003 OSt
005 20180116192404.0
008 120615t xxu||||| |||| 00| 0 eng d
010 _a 2005032605
020 _a0789208806 (alk. paper)
020 _a9780789208804
035 _a(OCoLC)ocm62290548
040 _c0
082 0 0 _a729.28
100 1 _aMeyers, Victoria.
_94658
245 1 0 _aDesigning with light /
_cVictoria Meyers.
250 _a1st ed.
260 _aNew York :
_bAbbeville Press,
_c2006.
300 _a144 p. :
_bchiefly col. ill. ;
_c26 cm.
505 0 _aDesigning with light : a cross-disciplinary approach -- Architecture and light -- Color -- Lines -- Form -- Glass -- Windows -- Sky frames -- Shadows -- Reflection.
650 1 0 _aLight in architecture.
_94659
650 1 0 _aDaylighting.
_94660
650 1 0 _aLighting, Architectural and decorative.
_94661
856 4 1 _3Table of contents only
_uhttp://www.loc.gov/catdir/toc/ecip063/2005032605.html
942 _aSADA
_cBK
_k729.28 MEY 2006
_2ddc
999 _c353381
_d353381